[Event "Olympiad Women-28"]
[Site "Thessaloniki"]
[Date "1988.11.25"]
[Round "11"]
[White "Hegeler, Anja"]
[Black "Nirmala, P."]
[Result "0-1"]
[WhiteElo "2195"]
[BlackElo "2025"]
[PlyCount "160"]
[EventDate "1988.11.13"]
[EventType "team-swiss"]
[EventRounds "14"]
[EventCountry "GRE"]
[SourceTitle "EXT 2019"]
[Source "ChessBase"]
[SourceDate "2018.10.10"]
[SourceVersion "1"]
[SourceVersionDate "2018.10.10"]
[SourceQuality "1"]
[WhiteTeam "Germany (W)"]
[BlackTeam "India (W)"]
[WhiteTeamCountry "GER"]
[BlackTeamCountry "IND"]

1. e4 c6 2. Nf3 d5 3. Nc3 dxe4 4. Nxe4 Bg4 5. h3 Bxf3 6. Qxf3 e6 7. d3 Nf6 8. Nxf6+ gxf6 9. g3 Nd7 10. Bg2 Qc7 11. Bf4 Bd6 12. Bxd6 Qxd6 13. 0-0-0 0-0-0 14. Rhe1 Qd5 15. Qxd5 cxd5 16. c4 Nb6 17. c5 Nd7 18. Kb1 Nb8 19. d4 Nc6 20. a3 h5 21. h4 f5 22. Bf3 Ne7 23. Rc1 Kb8 24. Be2 f4 25. gxf4 Nf5 26. Red1 Nxh4 27. c6 bxc6 28. Rxc6 Nf5 29. Ba6 Rd6 30. Rxd6 Nxd6 31. Bf1 h4 32. Rd3 Ne4 33. f3 Ng3 34. Bh3 Ne2 35. Rd1 Nxf4 36. Rh1 Nxh3 37. Rxh3 Kc7 38. Kc2 Kd6 39. Kd3 e5 40. b4 f6 41. a4 Rh7 42. b5 Rh8 43. Rh2 h3 44. Ke3 Rh4 45. dxe5+ fxe5 46. Kf2 Kc5 47. Kg1 Rxa4 48. Rxh3 Kxb5 49. Rh5 Kc5 50. Rxe5 Rf4 51. Kf2 a5 52. Ke3 Rf8 53. Re7 Ra8 54. Rc7+ Kd6 55. Rc3 a4 56. Ra3 Ke5 57. f4+ Kf5 58. Kf3 d4 59. Ke2 Kxf4 60. Kd3 Ke5 61. Kd2 Ke4 62. Ke2 Kd5 63. Kd3 Ra7 64. Kd2 Kc4 65. Kc2 Kb4 66. Rd3 Rc7+ 67. Kb2 Rc4 68. Ka2 Kc5 69. Kb2 Rb4+ 70. Kc2 Rc4+ 71. Kb2 Kd5 72. Rh3 Rb4+ 73. Kc2 Rb3 74. Rh8 Rc3+ 75. Kd2 Kc4 76. Rc8+ Kb3 77. Rb8+ Ka3 78. Rd8 Rc4 79. Kd3 Kb3 80. Ra8 Rb4 0-1

[Event "Olympiad Women-27"]
[Site "Dubai"]
[Date "1986.11.22"]
[Round "7"]
[White "Nirmala, P."]
[Black "Vaschetti, Ada B"]
[Result "1/2-1/2"]
[WhiteElo "2060"]
[BlackElo "1910"]
[PlyCount "104"]
[EventDate "1986.11.15"]
[EventType "team-swiss"]
[EventRounds "14"]
[EventCountry "UAE"]
[SourceTitle "EXT 2019"]
[Source "ChessBase"]
[SourceDate "2018.10.10"]
[SourceVersion "1"]
[SourceVersionDate "2018.10.10"]
[SourceQuality "1"]
[WhiteTeam "India (W)"]
[BlackTeam "Argentina (W)"]
[WhiteTeamCountry "IND"]
[BlackTeamCountry "ARG"]

1. c4 Nf6 2. Nc3 e6 3. g3 Be7 4. Bg2 0-0 5. Nf3 d5 6. cxd5 exd5 7. d4 c6 8. 0-0 Bg4 9. h3 Bh5 10. Be3 Nbd7 11. a3 Bg6 12. Nh4 Re8 13. Nxg6 hxg6 14. Qd3 Bd6 15. Bg5 Qb6 16. b4 a6 17. Rab1 Qc7 18. Rfc1 Qb8 19. a4 Bf8 20. b5 axb5 21. axb5 Qd6 22. bxc6 bxc6 23. Bf4 Qe6 24. Ra1 Bb4 25. Be3 Bd6 26. Bd2 Nb6 27. Ra6 Rxa6 28. Qxa6 Nc4 29. Bg5 Bb4 30. Bxf6 Bxc3 31. Rxc3 gxf6 32. e3 Rb8 33. Qa1 Qf5 34. Qe1 Rb2 35. e4 Qe6 36. Qc1 Re2 37. Kf1 Ra2 38. Kg1 Re2 39. Qd1 Rd2 40. Qc1 Rxd4 41. exd5 cxd5 42. Bf1 Kg7 43. Bg2 Qe2 44. Bf3 Qe5 45. Bg2 f5 46. f4 Qe6 47. Bf3 Rd2 48. Kh1 Qb6 49. Bxd5 Qf2 50. Qg1 Qxg1+ 51. Kxg1 Rxd5 52. Rxc4 Rd2 1/2-1/2

[Event "Olympiad Women-27"]
[Site "Dubai"]
[Date "1986.11.21"]
[Round "6"]
[White "Gocheva, Rumiana B"]
[Black "Nirmala, P."]
[Result "1-0"]
[WhiteElo "2080"]
[BlackElo "2060"]
[PlyCount "105"]
[EventDate "1986.11.15"]
[EventType "team-swiss"]
[EventRounds "14"]
[EventCountry "UAE"]
[SourceTitle "EXT 2019"]
[Source "ChessBase"]
[SourceDate "2018.10.10"]
[SourceVersion "1"]
[SourceVersionDate "2018.10.10"]
[SourceQuality "1"]
[WhiteTeam "Bulgaria (W)"]
[BlackTeam "India (W)"]
[WhiteTeamCountry "BUL"]
[BlackTeamCountry "IND"]

1. e4 c6 2. d4 d5 3. exd5 cxd5 4. Bd3 Nc6 5. c3 Nf6 6. Bf4 g6 7. Nd2 Bg7 8. h3 0-0 9. Ngf3 Bd7 10. 0-0 Qc8 11. Ne5 Bf5 12. Ndf3 Bxd3 13. Qxd3 e6 14. Qe3 Ne7 15. g4 Ne4 16. Bh6 f5 17. Nd2 Nc6 18. Bxg7 Kxg7 19. Ndf3 Qd8 20. Nd3 fxg4 21. hxg4 Qf6 22. Nfe5 Nxe5 23. Nxe5 Qf4 24. Qxf4 Rxf4 25. f3 Ng5 26. Kg2 Raf8 27. Rae1 b6 28. Re3 h5 29. Nd3 R4f6 30. gxh5 gxh5 31. f4 Ne4 32. Rh3 Rg6+ 33. Kh2 Kh6 34. Rg1 Rfg8 35. Rxg6+ Rxg6 36. f5 exf5 37. Nf4 Rg5 38. Nxd5 Nf2 39. Rf3 Ng4+ 40. Kh3 Kg6 41. Nf4+ Kh6 42. Ne6 Rg6 43. d5 Rf6 44. c4 Ne5 45. Rf4 Nd3 46. Rd4 Ne5 47. b4 Nd7 48. c5 bxc5 49. bxc5 f4 50. c6 Nb6 51. Rxf4 Rg6 52. Rf8 Kh7 53. c7 1-0